Word Ladder: The Muppet Show Quiz Stats

Quiz Updated Feb 20, 2016

Challenge
Share
Tweet
Embed
Score 0/54 Timer 06:00
0 Plays Today
Hint 4-Letter Word % Correct
⌘ ____ Piggy ⌘MISS
99.4%
⌘ Fozzie ____BEAR
91.7%
Connery or Penn, e.g.SEAN
91.5%
⌘ Kermit the ____FROG
91.4%
Italy shapeBOOT
90.9%
Shut with forceSLAM
89.6%
Char surfaceSEAR
89.2%
Aquatic vesselBOAT
88.7%
Perceive audiblyHEAR
88.1%
Partridge in this treePEAR
88%
National bannerFLAG
87.8%
Planet's natural satelliteMOON
87.7%
Layer of paintCOAT
87.6%
Internet discussionCHAT
87.2%
Rhythmic unit in music BEAT
86.9%
Shredded cabbage saladSLAW
86.8%
Thrash repeatedlyFLOG
86.7%
Sweat dropletBEAD
84.5%
Make a razor cutSLIT
83%
Nashville guitarist AtkinsCHET
82.8%
Long, low sound MOAN
82.3%
⌘ The Swedish ____CHEF
81.7%
⌘ ____ Mama ⌘MEAN
80.6%
⌘ Balloon-____ Conductor ⌘HEAD
80.4%
Rorschach test objectBLOT
80.2%
To bat baseball w/o swingingBUNT
79.8%
Narrow openingSLOT
79.8%
Hint 4-Letter Word % Correct
⌘ ____ Wilson ⌘SLIM
79.6%
Treble or bass notationCLEF
79.4%
Of no consequenceMOOT
77.1%
Shakespeare of AvonBARD
74.8%
Make untidy (esp. of hair)MUSS
74.6%
Male deerBUCK
73.5%
Thoroughbred Seattle ____SLEW
71.6%
Sound above Mach 1BOOM
69.2%
Submerge in fluidDUNK
68.5%
Tie tightlyBIND
68.2%
⌘ Righton ____BIRD
64.6%
Lower corner of a sailCLEW
63.9%
⌘ Ronald ____DUCK
63.3%
Camera varifocal lensZOOM
62.8%
Yardbird's guitarist JeffBECK
62.1%
To kissBUSS
61.9%
⌘ ____ of Beethoven ⌘BUST
60.6%
⌘ Blue-haired saxophonist ⌘ZOOT
59.9%
Detailed diagram (i.e. blueprint)PLAN
59.9%
⌘ Professor Albert ____FLAN
58.3%
⌘ Silver ____BEAK
58.2%
Praise hymn of ancient Greece PEAN
58.1%
Soft tennis shotDINK
51.6%
⌘ Bobby Benson's Baby ____BAND
51.2%
Embankment or causewayBUND
47%
Swedish opera singer JennyLIND
46.2%
⌘ ____ Hogthrob ⌘LINK
38.1%

Today's Daily Dose

You're not logged in!

Compare scores with friends on all Sporcle quizzes.
Sign Up with Email
OR
Log In

You Might Also Like...

Show Comments

Extras

Top Quizzes Today


Score Distribution

Your Account Isn't Verified!

In order to create a playlist on Sporcle, you need to verify the email address you used during registration. Go to your Sporcle Settings to finish the process.